Digital Image Processing (Record no. 224088)

MARC details
000 -LEADER
fixed length control field 00469nam a2200169Ia 4500
008 - FIXED-LENGTH DATA ELEMENTS--GENERAL INFORMATION
fixed length control field 230714s9999 xx 000 0 und d
020 ## - INTERNATIONAL STANDARD BOOK NUMBER
International Standard Book Number 9790000000000
041 ## - LANGUAGE CODE
Language code of text/sound track or separate title eng
082 ## - DEWEY DECIMAL CLASSIFICATION NUMBER
Classification number 621.36'7
Item number RAJ
100 ## - MAIN ENTRY--PERSONAL NAME
Personal name Rajakumar S.
9 (RLIN) 201084
245 ## - TITLE STATEMENT
Title Digital Image Processing
260 ## - PUBLICATION, DISTRIBUTION, ETC. (IMPRINT)
Date of publication, distribution, etc. 2018
Name of publisher, distributor, etc. Scitech Publications
300 ## - PHYSICAL DESCRIPTION
Extent 307
365 ## - TRADE PRICE
Currency code Rs.
Price amount 340.00
700 ## - ADDED ENTRY--PERSONAL NAME
Personal name Rajakumar S. & Deepa S.
9 (RLIN) 201085
906 ## - LOCAL DATA ELEMENT F, LDF (RLIN)
d O:0611414-Sep-2018B:IN35517-Aug-2018
c TE
b 425

No items available.